000 00466nam a22001697a 4500
005 20250602134723.0
008 250602b |||||||| |||| 00| 0 eng d
020 _a10246991
041 _aEnglish
082 _a349 NAM
100 _lEnglish
245 _aThe Namibian Law Reports
260 _aCape Town:
_bJuta and Company Ltd,
_c2025
300 _cxxi, 310 pages;
_b24 cm.
650 _aLegal practice
_bLaw
942 _cBK
_6ALISON_BN_VRIES
999 _c3306
_d3306